00850nam a22001697a 450000500170000000800410001702000180005805000240007610000160010024500730011625000100018926000320019930000110023150000250024265003950026770000180066220231102151630.0140109t xxu||||| |||| 00| 0 eng d a84-8019-698-X a796.33 A676f 2003 aArdá Toni aFútbol: Metodología de la enseñanza del fútbol / Ardá Toni a1a ed aBarcelonabPaidotriboc2003 a336 p. aIncluye bibliografia a1.- El fútbol como juego deportivo colectivo / 2.- La organización del juego en el fútbol / 3.- La organización del juego en el fútbol a 5 / 4.- La organización del juego en el fútbol a 7 / 5.- La enseñanza del fútbol / 6.- Modelo de aplicación práctica del proceso de enseñanza / 7.- La tarea y la sesión / 8.- Metodología básica de observación en fútbol. aCasal Claudio